ბათუმის შოთა რუსთაველის სახელმწიფო უნივერსიტეტის ბიბლიოთეკა

Справочник автомобильного механика. (ბიბ.ჩანაწერი № 50681)

000 -LEADER
fixed length control field 00773nam a2200217Ia 4500
001 - CONTROL NUMBER
control field 17632
003 - CONTROL NUMBER IDENTIFIER
control field GE_BSU
008 - FIXED-LENGTH DATA ELEMENTS--GENERAL INFORMATION
fixed length control field 181216s||||||||xx |||||||||||||| ||und||
040 ## - CATALOGING SOURCE
Transcribing agency GE_BSU
080 ## - UNIVERSAL DECIMAL CLASSIFICATION NUMBER
Universal Decimal Classification number 629.113(035)
100 ## - MAIN ENTRY--PERSONAL NAME
Personal name Афанасьев,Л.Л. Иларионов,В.А. Струве,Н.Э. Шестопалов,К.С.
245 ## - TITLE STATEMENT
Title Справочник автомобильного механика.
245 ## - TITLE STATEMENT
Statement of responsibility, etc. Под общ. ред. Л.Л.Афанасьева.
250 ## - EDITION STATEMENT
Edition statement Изд. четвертое, перер. и дополненое.
260 ## - PUBLICATION, DISTRIBUTION, ETC.
Place of publication, distribution, etc. М.
260 ## - PUBLICATION, DISTRIBUTION, ETC.
Name of publisher, distributor, etc. Машиностроение.
260 ## - PUBLICATION, DISTRIBUTION, ETC.
Date of publication, distribution, etc. 1969.
300 ## - PHYSICAL DESCRIPTION
Extent 688 стр. 22 см.
653 ## - INDEX TERM--UNCONTROLLED
Uncontrolled term Справочник автомобильного механика.
942 ## - ADDED ENTRY ELEMENTS (KOHA)
Koha item type წიგნი
ეგზემპლარები
Withdrawn status Lost status Damaged status Not for loan Date acquired Barcode Date last seen Price effective from Koha item type
        2018-12-17 10246 2018-12-17 2018-12-17 წიგნი
        2018-12-17 10247 2018-12-17 2018-12-17 წიგნი